A STORM OF SWORDS GAME OF THRONES (Record no. 33547)

MARC details
000 -LEADER
fixed length control field 00269nam a22001217a 4500
003 - CONTROL NUMBER IDENTIFIER
control field SGT
082 ## - DEWEY DECIMAL CLASSIFICATION NUMBER
Classification number 823.92
Item number MAR
100 ## - MAIN ENTRY--PERSONAL NAME
Personal name MARTIN GEORGER R
245 ## - TITLE STATEMENT
Title A STORM OF SWORDS GAME OF THRONES
260 ## - PUBLICATION, DISTRIBUTION, ETC. (IMPRINT)
Place of publication, distribution, etc U.K
Name of publisher, distributor, etc HARPER PUB
Year of Publication 2014
300 ## - PAGE DESCRIPTION
No. of Pages 623
942 ## - ADDED ENTRY ELEMENTS (KOHA)
Source of classification or shelving scheme Dewey Decimal Classification
Koha item type Books
Holdings
Withdrawn status Lost status Source of classification or shelving scheme Damaged status Not for loan Collection code Home library Current library Shelving location Date acquired Volume Information (Serial or Books or Non-Book Material) SGTU Full call number Accession No. (Barcode) Date last seen Bill Date Koha item type
    Dewey Decimal Classification     MASS COMMUNICATION SGT Science & Social Sciences Library SGT Science & Social Sciences Library Text Book 27/01/2026 3 SGTU 823.92 MAR MC1365 27/01/2026 27/01/2026 Books
    Dewey Decimal Classification     MASS COMMUNICATION SGT Science & Social Sciences Library SGT Science & Social Sciences Library Text Book 27/01/2026 4 SGTU 823.92 MAR MC1366 27/01/2026 27/01/2026 Books